00398nam a2200145Ia 4500008004100000020001500041041001200056082001600068100001500084245007100099260003300170300000800203650001900211700002200230221030s9999 xx 000 0 und d a8173194203 aEnglish a105.23bJai aR. K. Jain 0aAdvanced Engineering Mathematicscby R. K. Jain, S. R. K. Iyenagar bNarosa Pub.aNew Delhic2002 a985 aBB Mathematics aS. R. K. Iyenagar